00513nam a22001457a 4500003000400000005001700004008004100021040001400062100002700076245009300103260000900196300002900205500010700234504002600341OSt20171010095528.0121004t xxu||||| |||| 00| 0 eng d aMMSUcULS aGalut, Christopher D.  aPhysical and chemical characteristics of pangasinan zeolite clay cChristopher D. Galut  c2008 axiii, 47 leaves c28 cm. aThesis (BS Ceramic Engineering) -- Mariano Marcos State University-College of Engineering, Batac City  aBibliography: leaf 33